[Event "Teresina-ch"]
[Site "Teresina"]
[Date "2024.03.08"]
[Round "2"]
[White "Amorim, Gidelson Ferreira"]
[Black "Assuncao, Jose Ribamar da Cos"]
[Result "1-0"]
[WhiteElo "2097"]
[BlackElo "1774"]
[PlyCount "49"]
[EventDate "2024.03.07"]
[EventType "swiss"]
[EventRounds "6"]
[EventCountry "BRA"]
[SourceTitle "CB11_2024"]
[SourceDate "2024.03.13"]
[SourceVersion "1"]
[SourceVersionDate "2024.03.13"]
[SourceQuality "1"]

1. e4 c5 2. Nc3 d6 3. d3 e6 4. g3 Nf6 5. Bg2 Nc6 6. Nge2 Be7 7. 0-0 0-0 8. h3 a6 9. Be3 d5 10. exd5 Nxd5 11. Nxd5 exd5 12. d4 c4 13. Nf4 Be6 14. b3 b5 15. c3 Rc8 16. bxc4 bxc4 17. Qf3 Qd7 18. Nxd5 Bxd5 19. Qxd5 Qxd5 20. Bxd5 Na5 21. Rab1 Rb8 22. Bf4 Rxb1 23. Rxb1 Rd8 24. Bf3 g5 25. Bc7 1-0

[Event "Piaui-ch sf1"]
[Site "Teresina"]
[Date "2022.04.09"]
[Round "3"]
[White "Amorim, Gidelson Ferreira"]
[Black "Dos Santos, Joao Mateus Araujo"]
[Result "1-0"]
[WhiteElo "2108"]
[BlackElo "1928"]
[PlyCount "73"]
[EventDate "2022.04.08"]
[EventType "swiss"]
[EventRounds "5"]
[EventCountry "BRA"]
[SourceTitle "EXT 2023"]
[Source "ChessBase"]
[SourceDate "2022.10.05"]
[SourceVersion "1"]
[SourceVersionDate "2022.10.05"]
[SourceQuality "1"]

1. e4 e5 2. Nf3 Nc6 3. Bb5 a6 4. Bxc6 dxc6 5. 0-0 Bd6 6. d4 exd4 7. Qxd4 f6 8. Be3 Ne7 9. Nbd2 Be6 10. Qc3 Ng6 11. Nd4 Bf7 12. f4 0-0 13. Rad1 Re8 14. Nf5 Bf8 15. Bc5 Ne7 16. Nf3 Qc8 17. Nxe7+ Bxe7 18. Bxe7 Rxe7 19. e5 fxe5 20. Nxe5 Qe6 21. Rd3 Rf8 22. Qb4 b6 23. Nxc6 Qxc6 24. Qxe7 Qxc2 25. Rd8 Qc5+ 26. Qxc5 bxc5 27. Rxf8+ Kxf8 28. a3 Ke7 29. Rd1 c6 30. Kf2 Bd5 31. g3 Kd6 32. Re1 g6 33. Re8 h5 34. Ke3 Bb3 35. Ra8 Bc4 36. Rh8 Ba2 37. f5 1-0

[Event "Piaui-ch final"]
[Site "Teresina"]
[Date "2021.11.17"]
[Round "5"]
[White "Amorim, Gidelson Ferreira"]
[Black "Dos Santos, Joao Mateus Araujo"]
[Result "1-0"]
[WhiteElo "2117"]
[BlackElo "1777"]
[PlyCount "93"]
[EventDate "2021.11.11"]
[EventType "tourn"]
[EventRounds "9"]
[EventCountry "BRA"]
[SourceTitle "EXT 2023"]
[Source "ChessBase"]
[SourceDate "2022.10.05"]
[SourceVersion "1"]
[SourceVersionDate "2022.10.05"]
[SourceQuality "1"]

1. c4 Nf6 2. Nf3 c6 3. g3 g6 4. Bg2 Bg7 5. 0-0 0-0 6. d4 d5 7. Nc3 dxc4 8. Ne5 Ng4 9. Nxg4 Bxg4 10. h3 Be6 11. e3 Qd7 12. Kh2 Na6 13. a3 Nc7 14. Qe2 Nd5 15. Ne4 Qc8 16. Bd2 Nb6 17. Nc5 Bd5 18. e4 Bxd4 19. exd5 cxd5 20. b4 Bxa1 21. Rxa1 Qf5 22. Bc3 Rfe8 23. f4 f6 24. Ne6 Rac8 25. Rd1 Kf7 26. Nd4 Qd7 27. f5 Na4 28. Be1 c3 29. Bf2 c2 30. Rc1 gxf5 31. Qh5+ Kg8 32. Nxf5 Kh8 33. Nh6 e5 34. Ng4 Rf8 35. Qh4 Qe6 36. Qh6 Nb2 37. Rxc2 Nc4 38. Bc5 Rf7 39. Rf2 Rc6 40. Re2 b6 41. Bg1 Nd6 42. Qd2 e4 43. Qf4 Nf5 44. h4 Ne7 45. Bh3 Qf5 46. Qd2 Qf3 47. Re3 1-0

[Event "Teresina-ch"]
[Site "Teresina"]
[Date "2019.03.15"]
[Round "1.3"]
[White "Amorim, Gidelson Ferreira"]
[Black "Luz, Christian Oliveira"]
[Result "1-0"]
[WhiteElo "2029"]
[BlackElo "1305"]
[PlyCount "39"]
[EventDate "2019.03.15"]
[EventType "swiss"]
[EventRounds "5"]
[EventCountry "BRA"]
[SourceTitle "EXT 2022"]
[Source "ChessBase"]
[SourceDate "2021.10.06"]
[SourceVersion "1"]
[SourceVersionDate "2021.10.06"]
[SourceQuality "1"]

1. e4 d6 2. g3 c6 3. Bg2 Nf6 4. d4 Qc7 5. c4 e5 6. Ne2 Bg4 7. f3 Bh5 8. Nbc3 Be7 9. Be3 Nbd7 10. g4 Bg6 11. h4 h5 12. g5 Nh7 13. Bh3 0-0-0 14. Qa4 Kb8 15. Bxd7 Rxd7 16. dxe5 c5 17. Nb5 Qb6 18. exd6 Bxd6 19. Nxd6 Qxd6 20. Bf4 1-0

[Event "Piaui-ch final"]
[Site "Teresina"]
[Date "2018.10.14"]
[Round "4"]
[White "Amorim, Gidelson Ferreira"]
[Black "Monteiro, Luis Felipe Furtado"]
[Result "0-1"]
[WhiteElo "2004"]
[BlackElo "1919"]
[PlyCount "70"]
[EventDate "2018.10.11"]
[EventType "tourn"]
[EventRounds "9"]
[EventCountry "BRA"]
[SourceTitle "CBM 187 Extra"]
[Source "ChessBase"]
[SourceDate "2018.11.04"]
[SourceVersion "1"]
[SourceVersionDate "2018.11.04"]
[SourceQuality "1"]

1. e4 c5 2. Nc3 d6 3. g3 Nf6 4. d3 Nc6 5. Bg2 Bg4 6. Qd2 Nd4 7. h3 Bd7 8. Nd1 b5 9. e5 dxe5 10. Bxa8 Qxa8 11. Rh2 e4 12. c3 Ne6 13. dxe4 Nxe4 14. Qe2 g6 15. h4 Bg7 16. Nf3 c4 17. Ng5 N4c5 18. Be3 Nd3+ 19. Kf1 0-0 20. h5 Nxg5 21. Bxg5 Bf5 22. Qe3 Ne5 23. f3 Nxf3 24. Rh4 Nxh4 25. gxh4 Qh1+ 26. Qg1 Qf3+ 27. Qf2 Bh3+ 28. Kg1 Qg4+ 29. Kh1 Qe4+ 30. Kh2 Be5+ 31. Kg1 Qg4+ 32. Kh1 Bg3 33. Qd2 Qe4+ 34. Kg1 Be1 35. Qh2 Qg4+ 0-1

[Event "Piaui-ch final"]
[Site "Teresina"]
[Date "2018.01.10"]
[Round "17"]
[White "Sales, Luis Carlos"]
[Black "Amorim, Gidelson Ferreira"]
[Result "0-1"]
[WhiteElo "1736"]
[BlackElo "2015"]
[PlyCount "100"]
[EventDate "2017.12.28"]
[EventType "tourn"]
[EventRounds "18"]
[EventCountry "BRA"]
[SourceTitle "EXT 2019"]
[Source "ChessBase"]
[SourceDate "2018.10.10"]
[SourceVersion "1"]
[SourceVersionDate "2018.10.10"]
[SourceQuality "1"]

1. d4 Nf6 2. Nf3 g6 3. b3 Bg7 4. Bb2 0-0 5. Nbd2 d5 6. e3 Nbd7 7. c4 b6 8. Be2 Bb7 9. 0-0 h6 10. Rc1 e6 11. Re1 Ne4 12. cxd5 exd5 13. b4 a6 14. Qc2 Rc8 15. Nxe4 dxe4 16. Nd2 Qe7 17. Qb3 Nf6 18. a4 Rfd8 19. b5 a5 20. Ba3 Qe8 21. Rc2 Bf8 22. Rec1 Bxa3 23. Qxa3 Rd7 24. Nc4 Nd5 25. Ne5 Re7 26. Qb3 Nb4 27. Rc3 Kg7 28. Bc4 f6 29. Nc6 Bxc6 30. bxc6 Qd8 31. Be6 Rb8 32. d5 Qd6 33. Rd1 Rf8 34. Rd4 f5 35. g3 Na6 36. Rdc4 Nc5 37. Qa3 Rd8 38. Rd4 Nxe6 39. Qxd6 Rxd6 40. dxe6 Rxd4 41. exd4 Rxe6 42. Kf1 Rd6 43. Rc4 Kf6 44. Ke2 Ke6 45. Ke3 Kd5 46. Rc2 Rxc6 47. Rxc6 Kxc6 48. g4 b5 49. axb5+ Kxb5 50. gxf5 gxf5 0-1

[Event "Piaui-ch final"]
[Site "Teresina"]
[Date "2018.01.06"]
[Round "13"]
[White "Amorim, Gidelson Ferreira"]
[Black "Mello Sales, Caio de"]
[Result "1/2-1/2"]
[WhiteElo "2015"]
[BlackElo "1892"]
[PlyCount "139"]
[EventDate "2017.12.28"]
[EventType "tourn"]
[EventRounds "18"]
[EventCountry "BRA"]
[SourceTitle "EXT 2019"]
[Source "ChessBase"]
[SourceDate "2018.10.10"]
[SourceVersion "1"]
[SourceVersionDate "2018.10.10"]
[SourceQuality "1"]

1. Nf3 Nf6 2. d4 g6 3. g3 Bg7 4. Bg2 d6 5. c4 Nbd7 6. 0-0 0-0 7. Nc3 c6 8. b3 e5 9. Bb2 e4 10. Ng5 d5 11. Nh3 Nb6 12. cxd5 cxd5 13. Ba3 Re8 14. Rc1 Bf5 15. e3 Bg4 16. Qd2 Qd7 17. Nf4 g5 18. Nfe2 Bf3 19. Rc2 Qg4 20. h3 Qh5 21. g4 Bxg4 22. hxg4 Nxg4 23. Bd6 Re6 24. Bg3 f5 25. f3 Nf6 26. fxe4 fxe4 27. Rf5 Qg4 28. Re5 h5 29. Rxe6 Qxe6 30. Nb5 Rf8 31. Rc1 h4 32. Bxh4 gxh4 33. Nf4 Qg4 34. Kh1 Nh5 35. Nxh5 Qxh5 36. Bh3 Qf3+ 37. Qg2 Qxe3 38. Rc7 Qg3 39. Rxb7 Rf2 40. Be6+ Kh8 41. Rb8+ Kh7 42. Qxg3 hxg3 43. Rb7 e3 44. Bg4 Rf4 45. Be2 g2+ 46. Kg1 Rf2 47. Bd3+ Kh6 48. Re7 Rxa2 49. Rxe3 a6 50. Rh3+ Kg5 51. Rg3+ Kf4 52. Rxg7 axb5 53. Bxb5 Kf3 54. Rf7+ Ke3 55. Rg7 Kxd4 56. Rxg2 Rxg2+ 57. Kxg2 Kc3 58. Be8 d4 59. Kf2 Kxb3 60. Ke2 Kc3 61. Bg6 Nd5 62. Bh7 Nf6 63. Bf5 Ne8 64. Bg6 Nd6 65. Bh7 Kc4 66. Bg8+ Kc5 67. Bh7 Kd5 68. Kd3 Ke5 69. Bg6 Nb7 70. Kc4 1/2-1/2

[Event "Piaui-ch final"]
[Site "Teresina"]
[Date "2018.01.03"]
[Round "8"]
[White "Amorim, Gidelson Ferreira"]
[Black "Sales, Luis Carlos"]
[Result "1-0"]
[WhiteElo "2015"]
[BlackElo "1736"]
[PlyCount "59"]
[EventDate "2017.12.28"]
[EventType "tourn"]
[EventRounds "18"]
[EventCountry "BRA"]
[SourceTitle "EXT 2019"]
[Source "ChessBase"]
[SourceDate "2018.10.10"]
[SourceVersion "1"]
[SourceVersionDate "2018.10.10"]
[SourceQuality "1"]

1. Nf3 Nf6 2. b3 d5 3. Bb2 Bf5 4. e3 e6 5. d4 Be7 6. Bd3 0-0 7. 0-0 Nbd7 8. Ne5 Ne4 9. f3 Nd6 10. Nc3 a6 11. e4 dxe4 12. fxe4 Bg6 13. Nxg6 hxg6 14. Ne2 c6 15. c4 Ne8 16. e5 Nc7 17. Rf3 b5 18. Be4 bxc4 19. bxc4 Rb8 20. Qc2 c5 21. d5 exd5 22. cxd5 Bg5 23. Raf1 Nb5 24. e6 Nf6 25. exf7+ Rxf7 26. Bxg6 Rd7 27. Bf5 Rd6 28. Be5 Rbb6 29. Bxd6 Qxd6 30. Be6+ 1-0